De la introducción del símbolo de la fe

保存先:
書誌詳細
第一著者: Granada, Luis de (著者)
フォーマット: 図書
言語:スペイン語
出版事項: Barcelona Imprenta y Librería Religiosa 1877
版:1a. ed
主題:
タグ: タグ追加
タグなし, このレコードへの初めてのタグを付けませんか!

MARC

LEADER 00000cam a2200000 a 4500
001 UCD0045
003 CL-VaPUC
008 151112e18770000sp |||||||||||||||||spa|d
082 0 4 |a 291.4  |b GRA  |2 21 
100 0 |a Granada, Luis de  |e author  |9 378228 
245 1 0 |a De la introducción del símbolo de la fe 
250 |a 1a. ed 
300 |a t 
942 |c BK 
945 |d 20151112 20:22:00  |a gsalatino 
260 |a Barcelona  |b Imprenta y Librería Religiosa  |c 1877 
650 0 |a Espiritualidad   |9 267331 
650 0 |a Fe  |9 308036 
650 0 |a Cristianismo  |9 257361 
583 |a last modification  |c 20151112 20:22:00  |k Rodrigo Vera 
999 |c 361668  |d 361666 
952 |0 0  |1 0  |3 erd  |4 0  |6 291_400000000000000_GRA_1877  |7 0  |8 P  |9 472281  |a BIBTEO  |b BIBTES  |c TEO_FTES  |h t.1  |i 5209374  |o 291.4 GRA 1877  |p 5209374  |r 2024-01-18  |w 2019-11-24  |y BK  |z Catalogado en:20151112  |k ICR 
952 |0 0  |1 0  |3 erd  |4 0  |6 291_400000000000000_GRA_1877  |7 0  |8 P  |9 472282  |a BIBTEO  |b BIBTES  |c TEO_FTES  |h t.2  |i 5209382  |o 291.4 GRA 1877  |p 5209382  |r 2024-01-18  |w 2019-11-24  |y BK  |z Catalogado en:20151112  |k ICR 
952 |0 0  |1 0  |3 erd  |4 0  |6 291_400000000000000_GRA_1877  |7 0  |8 P  |9 472283  |a BIBTEO  |b BIBTES  |c TEO_FTES  |h t.3  |i 5209420  |o 291.4 GRA 1877  |p 5209420  |r 2024-01-18  |w 2019-11-24  |y BK  |z Catalogado en:20151112  |k ICR